000
00325nam a2200121 a 4500
005
20141022141959.0
008
120229s19uu xx 00 eng d
050
_a
CD
_b
Y58 2007
100
_a
Tewdall, David Lewis
245
_a
Practical art of motion picture sound /
_c
David Lewis Yewdall.
260
_c
2007.
942
_c
AVM
999
_c
276166
_d
276166